Statistiques concernant Trivia test - Kylian Mbappé

Cliquez ici pour prendre le quiz!

Statistiques générales

  • Ce quiz a été pris 287 fois
  • Le résultat moyen est 12 sur 15

Statistiques - réponses

QuestionRéponse% Correct
Quel est le nom du petit frère de Kylian Mbappé qui a rejoint le club Paris Saint-Germain U19 en 2022 ?Ethan Mbappé
98%
Dans quel club de football, Kylian Mbappé commence-t-il le football à l’âge de 6 ans ?AS Bondy
97%
D’après ses dires, quel joueur a bercé la jeunesse de Kylian Mbappé ?Cristiano Ronaldo
93%
En quelle année le joueur de foot Kylian Mbappé est-il né ?1998
92%
Quel est le surnom donné au footballeur Kylian Mbappé par ses coéquipiers du PSG ?Donatello
90%
Qui est le meileur ami de Mbappé?Hakimi
90%
Pour quelle équipe, Kylian Mbappé marque-t-il son premier but en Ligue 1 ?AS Monaco
88%
À quel age Mbappé remporte t'il sa première coupe du monde19
82%
En quelle année, Kylian Mbappé remporte-t-il son tout premier Championnat de France en Ligue 1 ?2017
80%
En quelle année, Kylian Mbappé a-t-il rejoint le club du Paris Saint-Germain ?2017
80%
Combien de buts sont marqués au total, tirs au buts inclus, par Kylian Mbappé lors de la finale de la Coupe du Monde 2022 contre l’Argentine ?4
74%
Quel est le tout premier numéro de maillot choisi par Kylian Mbappé au PSG ?29
73%
Mbappé inscrit un record de l'histoire du PSG lors de PSG - Pays de Cassel, lequel?Un quintuplé (5 buts)
62%
Quel est le nom de la bande dessinée réalisée par Kylian Mbappé et le dessinateur Faro en 2021 ?Je m'appelle Kylian
59%
Quelle activité, Kylian Mbappé a-t-il pratiqué étant enfant pendant plusieurs années ?La flûte treversière
41%

Distribution des résultats

Percentile par nombre de réponses

% des personnes avec chaque résultat

Votre développement - résultats

Vous n’avez pas pris ce quiz